000 00710nam a2200253Ia 4500
003 OSt
005 20220918201434.0
006 a|||||r|||| 00| 0
007 ta
008 220917b |||||||| |||| 00| 0 eng d
024 _a93,950
037 _cTextual
040 _aARTS
_cARTS
_beng
041 _2eng
_aeng
082 _aV2.Dz7, K8
100 _aBasham A L Ed
245 0 _aPapers on the date of Kaniska
260 _aLeiden
_bE J Brill
_c1968
300 _axiv, 478p.
_ccm.
490 _aAustralian National University Centre of Oriental Studies, Oriental Monographs series; 4
650 _aHISTORY
942 _hV2.Dz7, K8
_cTEXL
_2CC
999 _c217589
_d217589